Handbook on Philippine medicinal plants / (Record no. 6427)
[ view plain ]
| 000 -LEADER | |
|---|---|
| fixed length control field | 00638nam a2200205 4500 |
| 008 - FIXED-LENGTH DATA ELEMENTS--GENERAL INFORMATION | |
| fixed length control field | 020605s1987 enk engYA |
| 100 1# - MAIN ENTRY--PERSONAL NAME | |
| Personal name | De Padua, Ludivina S. |
| 245 10 - TITLE STATEMENT | |
| Title | Handbook on Philippine medicinal plants / |
| Statement of responsibility, etc | Ludivina S. de Padua, Gregorio C. Lugod, Juan V. Pancho. |
| 260 ## - PUBLICATION, DISTRIBUTION, ETC. (IMPRINT) | |
| Place of publication, distribution, etc | Los Banos : |
| Name of publisher, distributor, etc | College of Sciences and Humanities, |
| Date of publication, distribution, etc | UPLB, c1987. |
| 300 ## - PHYSICAL DESCRIPTION | |
| Extent | 68 p. : |
| Other physical details | ill. ; |
| Dimensions | 23 cm. |
| 336 ## - CONTENT TYPE | |
| Content Type Term | text |
| 337 ## - MEDIA TYPE | |
| Media Type Term | unmediated |
| 338 ## - CARRIER TYPE | |
| Carrier Type Term | volume |
| 505 0# - FORMATTED CONTENTS NOTE | |
| Formatted contents note | vol. IV. |
| 650 #4 - SUBJECT ADDED ENTRY--TOPICAL TERM | |
| Topical term or geographic name as entry element | Herbals. |
| 651 #4 - SUBJECT ADDED ENTRY--GEOGRAPHIC NAME | |
| Geographic name | Medicinal plants |
| Geographic subdivision | Philippines. |
| 700 1# - ADDED ENTRY--PERSONAL NAME | |
| Personal name | Lugod, Gregorio C. |
| 700 1# - ADDED ENTRY--PERSONAL NAME | |
| Personal name | Pancho, Juan V. |
| 942 ## - ADDED ENTRY ELEMENTS (KOHA) | |
| Source of classification or shelving scheme | Library of Congress Classification |
| Item type | Books |
| Withdrawn status | Lost status | Source of classification or shelving scheme | Materials specified (bound volume or other part) | Damaged status | Not for loan | Home library | Current library | Shelving location | Date acquired | Inventory number | Total Checkouts | Full call number | Barcode | Date last seen | Price effective from | Koha item type |
|---|---|---|---|---|---|---|---|---|---|---|---|---|---|---|---|---|
| Library of Congress Classification | v.IV | BSOP Library | BSOP Library | Filipiniana | 12/21/2000 | 20065 | QK99.P6 D44 v.IV | 00016311 | 02/23/2013 | 02/23/2013 | Books |
